000 00656nam a2200217Ia 4500
003 IN-BaIIA
008 211028s9999 xx 000 0 eng d
020 _a0-444-86645-0
040 _cIIA Library
080 _a533.9(035)
_bBAS-II
100 _aGaleev, A. A.
_96011
245 0 _aBasic plasma physics II
_cA. A. Galeev
260 _aAmsterdam
_bNorth-Holland
_c1984
300 _axiv, 850p.
490 _aHandbook of plasma physics; v. 2
650 _aAstronomy and astrophysics thesaurus
650 _aIonized gases
_91896
650 _aPlasma physics
_93732
650 _aPlasmas
_91898
942 _cBK
999 _c8092
_d8092